000 00239nam a2200097Ia 4500
001 1197514
005 20250827021828.0
008 250824s9999 xx 000 0 und d
245 0 _aEYVALLAH
_cKAHRAMAN TAZEOĞLU
260 _bDESTEK YAYINLARI
999 _c1197514
_d1197514